Statistics for FIFA 23 RANDOM PLAYERS COUNTRY QUIZ #6

Click here to take the quiz!

General Stats

  • This quiz has been taken 17 times
  • The average score is 14 of 20

Answer Stats

HintAnswer% Correct
Anthony MartialFrance
100%
KakaBrazil
85%
Christian EriksenDenmark
85%
Péter GulácsiHungary
85%
Wataru EndoJapan
85%
Paulo DybalaArgentina
77%
Corentin TolissoFrance
77%
Nico SchlotterbeckGermany
77%
Diogo DalotPortugal
77%
KokeSpain
77%
Ismaël BennacerAlgeria
69%
Jacob MurphyEngland
69%
Sergiño DestUSA
69%
Gerónimo RulliArgentina
62%
Edmond TapsobaBurkina Faso
62%
Antonín BarákCzech Republic
54%
Jesper LindstrømDenmark
54%
Arnaut DanjumaNetherlands
46%
Jeremy ToljanGermany
38%
Sheraldo BeckerSuriname
38%

Score Distribution

Percentile by Number Answered

Percent of People with Each Score

Your Score History

You have not taken this quiz